00481nam a2200169Ia 4500008004100000082001400041100001500055245003000070250000600100260003400106300001500140500002400155650001200179942000700191952009600198999001700294230524s9999 xx 000 0 und d a5.73bBAL aG.S.Baluja 0aData Structures Through C a4 aNew DelhibDhanpati Raic2010 a"XI,649p;" aQuantity Number: 1 aComp-Sc cBK 00104070aTATCLbTATCLcGENd2023-05-24l0o005.73 BALp53834r2023-05-24w2023-05-24yBK c56389d56389